عرض عادي
عرض مارك
- Business meetings.
مدخل مصطلح موضوعي
001 - رقم الضبط
- حقل الضبط: 35537
003 - معرف رقم الضبط
- حقل الضبط: OSt
005 - تاريخ ووقت أخر عملية
- حقل الضبط: 20130424234018.0
008 - عناصر بيانات ثابتة الطول
- حقل تحكم ثابت الطول: 130424|||a|||||| | ||| d
040 ## - مصدر الفهرسة
- هيئة الفهرسة الأصلية: OSt
- وكالة الكتابة: OSt
150 ## - مدخل-- مصطلح تاريخي
- عنصر مدخل المصطلح الموضوعي او الاسم الجغرافي: Business meetings.
670 ## - بيانات المصدر موجوده
- الاستشهاد بالمصدر: Work cat.: (OSt)0: Handford, Michael, 1969- 35536, The language of business meetings /, 2010.
